Hide and Seek - Countries #21 - Statistics

General Stats
  • This quiz has been taken 9 times
  • The average score is 5 of 12
Answer Stats
Answer % Correct
Iran
67%
Italy
67%
Oman
67%
Madagascar
56%
Algeria
33%
Belarus
33%
Hungary
33%
Maldives
33%
Bulgaria
22%
Burundi
22%
Lebanon
22%
Their flags have only red, white, and green on them.
11%
No matching quizzes found
Score Distribution
Percent of People with Each Score
Percentile by Number Answered
Your Score History
You have not taken this quiz